Spanish 5000 #7 - Nouns (Masculine, Easy) - Statistics

General Stats
  • This quiz has been taken 147 times
  • The average score is 72 of 129
Answer Stats
English Spanish % Correct
friend amigo
90%
year año
90%
day día
90%
love amor
88%
rice arroz
88%
grandfather abuelo
85%
sugar azúcar
85%
book libro
85%
child, little boy niño
85%
dog perro
85%
bathroom, bath, swim baño
83%
money dinero
83%
eye ojo
83%
breakfast desayuno
81%
name, noun nombre
81%
cheese queso
81%
river río
81%
heart, core corazón
79%
brother, [pl] siblings hermano
79%
egg huevo
79%
Thursday jueves
79%
Monday lunes
79%
Tuesday martes
79%
Wednesday miércoles
79%
sun sol
79%
lunch almuerzo
77%
January enero
77%
gold oro
77%
father padre
77%
bread pan
77%
birthday cumpleaños
75%
kiss beso
73%
horse caballo
73%
world mundo
73%
fish pescado
73%
chicken pollo
73%
shoe zapato
73%
sport deporte
71%
son, [pl] children hijo
71%
month mes
71%
monkey mono
71%
foot, base pie
71%
Friday viernes
71%
tree árbol
69%
boy chico
69%
winter invierno
69%
game, play, sport juego
69%
boyfriend, groom novio
69%
hair pelo
69%
(alive) fish pez
69%
sir, Mr, lord señor
69%
uncle, guy tío
69%
work, job, effort trabajo
69%
arm brazo
67%
body cuerpo
67%
devil diablo
67%
man, mankind, husband hombre
67%
boat, ship barco
65%
heat, warmth calor
65%
cousin primo
65%
time (general) tiempo
65%
bear oso
63%
king rey
63%
dress vestido
63%
plane, airplane, aircraft avión
62%
tooth, cog diente
62%
candy, sweets dulce
62%
bull toro
62%
sky, heaven, ceiling cielo
60%
knife cuchillo
60%
ice hielo
60%
hug, embrace abrazo
58%
bird pájaro
58%
dream, sleep sueño
58%
last name apellido
56%
hair cabello
56%
pig, sow, slob cerdo
56%
fire, gunfire fuego
56%
change, en c: instead cambio
54%
finger, toe, digit dedo
54%
wind, scent viento
54%
drawing, sketch dibujo
52%
pain, ache, sorrow dolor
52%
wolf lobo
52%
side lado
50%
field, country campo
48%
right, justice, law derecho
48%
place, position lugar
48%
husband marido
48%
floor, story piso
46%
bag, purse bolso
44%
road, route, path camino
44%
grandchild nieto
44%
evil mal
42%
shoulder hombro
40%
noon, midday mediodía
40%
rest, interval, break descanso
38%
taste, flavor, sensation sabor
38%
bird ave
35%
hatred odio
35%
rooster gallo
33%
home, hearth hogar
33%
start, beginning comienzo
31%
end, a f. de: in order to fin
31%
birth, origin nacimiento
31%
a lo l.: throughout, length largo
29%
call, calling llamado
29%
room, chamber cuarto
27%
boy muchacho
27%
knowledge conocimiento
25%
hearing, ear oído
25%
width ancho
23%
steel acero
21%
shine, twinkling, sparkle brillo
21%
pleasure, taste, preference gusto
21%
goods, property, benefit bien
19%
male, manliness macho
19%
reason, cause porqué
19%
beginning, principle principio
19%
courtesy title (m), Mr., gift don
17%
turn, draft, expression giro
17%
marriage, married couple matrimonio
17%
growth, increase crecimiento
15%
insurance seguro
12%
evening, dusk atardecer
10%
goods, property bienes
10%
way, manner, de m. que: so that modo
8%
knowledge saber
8%
then, well then puesto
4%
No matching quizzes found
Score Distribution
Percent of People with Each Score
Percentile by Number Answered
Your Score History
You have not taken this quiz